000 00536nmm a2200169Ia 4500
008 251105s9999||||xx |||||||||||||||||und||
020 _a9788484897651
041 _aspa
100 _aPedraza Jiménez, Felipe B
245 0 _aPorfiar con el olvido :
_b Rojas Zorrilla ante la crítica y el público
264 _a[Madrid, España] :
_bIberoamericana Vervuert,
_c2013
300 _a280 páginas
490 _aEscena clásica
650 _aSpanish literature
856 _uhttps://public.digitaliapublishing.com/a/56764
942 _cCF
999 _c86795
_d86795